000 00727cab a2200241 4500
001 ABS44472
008 090401t1991 xxu||||| |||| 00| 0 eng d
035 _a(Sirsi) u47328
041 _aeng
100 _aGlover, P.
245 _aDogs,cats and section 13
260 _c1991
350 _a0
490 _aMortgage Finance
_vApril 1991, 1 (1)
520 _aA reminder of the implications of Building Societies Act 1986 s13 for surveyors valuing for building societies and of the meaning of "dog" and "cat" goodwill .
650 _aBRICKS AND MORTAR VALUE
650 _aCAT GOODWILL
650 _aDOG GOODWILL
650 _aValuation
_96273
690 _aRATING AND VALUATION
942 _n0
948 _c04/03/1997
999 _c29849
_d29849